000 00655nam a2200193Ia 4500
001 4183
003 GE_BSU
008 181216s||||||||xx |||||||||||||| ||und||
040 _cGE_BSU
080 _a621.64
100 _aДжафаров. М.Д. Никитенко, Е.А. Егерман, Г.Ф.
245 _aЭксплуатация линейной части магистральных газопроводов.
260 _aМосква
260 _bНедра
260 _c1968
300 _a231 с. 22 см.
653 _aЭксплуатация линейной части магистральных газопроводов.
942 _cBK
999 _c38193
_d38193